<?xml version="1.0" encoding="UTF-8"?>
<record
    xmlns:xsi="http://www.w3.org/2001/XMLSchema-instance"
    xsi:schemaLocation="http://www.loc.gov/MARC21/slim http://www.loc.gov/standards/marcxml/schema/MARC21slim.xsd"
    xmlns="http://www.loc.gov/MARC21/slim">

  <leader>00597nam a22001817a 4500</leader>
  <controlfield tag="005">20240304153246.0</controlfield>
  <controlfield tag="008">240304b        |||||||| |||| 00| 0 eng d</controlfield>
  <datafield tag="020" ind1=" " ind2=" ">
    <subfield code="a">9789392208959</subfield>
  </datafield>
  <datafield tag="041" ind1=" " ind2=" ">
    <subfield code="a">eng</subfield>
  </datafield>
  <datafield tag="082" ind1=" " ind2=" ">
    <subfield code="a">712.36</subfield>
    <subfield code="b">MAH</subfield>
  </datafield>
  <datafield tag="100" ind1=" " ind2=" ">
    <subfield code="a">Maheshwari D.</subfield>
    <subfield code="9">205925</subfield>
  </datafield>
  <datafield tag="245" ind1=" " ind2=" ">
    <subfield code="a">Indian Plantarum: A Compendium Of Phytogeographic Zones And Plant Lists</subfield>
  </datafield>
  <datafield tag="260" ind1=" " ind2=" ">
    <subfield code="a">Ahmedabad</subfield>
    <subfield code="b">Year Of Publishing</subfield>
    <subfield code="c">2023</subfield>
  </datafield>
  <datafield tag="300" ind1=" " ind2=" ">
    <subfield code="a">263p</subfield>
    <subfield code="b">Hb</subfield>
    <subfield code="c">19 x 25</subfield>
  </datafield>
  <datafield tag="365" ind1=" " ind2=" ">
    <subfield code="a">INR</subfield>
    <subfield code="b">2600.00</subfield>
    <subfield code="c">Rupaye</subfield>
  </datafield>
  <datafield tag="500" ind1=" " ind2=" ">
    <subfield code="a">Statewise Phytogeographic Zones And Subzones
Plant List For Phytogeographic Zones And Subzones</subfield>
  </datafield>
  <datafield tag="942" ind1=" " ind2=" ">
    <subfield code="c">BK</subfield>
  </datafield>
  <datafield tag="999" ind1=" " ind2=" ">
    <subfield code="c">357375</subfield>
    <subfield code="d">357375</subfield>
  </datafield>
  <datafield tag="952" ind1=" " ind2=" ">
    <subfield code="0">0</subfield>
    <subfield code="1">0</subfield>
    <subfield code="2">ddc</subfield>
    <subfield code="4">0</subfield>
    <subfield code="7">0</subfield>
    <subfield code="8">Book of B Arch</subfield>
    <subfield code="a">BNCA</subfield>
    <subfield code="b">BNCA</subfield>
    <subfield code="d">2024-03-04</subfield>
    <subfield code="e">Word Book Shop</subfield>
    <subfield code="f">B Arch</subfield>
    <subfield code="g">2600.00</subfield>
    <subfield code="i">2381</subfield>
    <subfield code="l">1</subfield>
    <subfield code="o">712.36 MAH</subfield>
    <subfield code="p">BNCA-BK-12563</subfield>
    <subfield code="r">2024-04-29 00:00:00</subfield>
    <subfield code="s">2024-04-19</subfield>
    <subfield code="t">00</subfield>
    <subfield code="v">2600.00</subfield>
    <subfield code="w">2024-02-28</subfield>
    <subfield code="y">RF</subfield>
  </datafield>
</record>
